School bureaaucracy and student performance at the local level (Record no. 49189)

000 -LEADER
fixed length control field 01307pab a2200181 454500
008 - FIXED-LENGTH DATA ELEMENTS--GENERAL INFORMATION
fixed length control field 180718b2001 xxu||||| |||| 00| 0 eng d
100 ## - MAIN ENTRY--PERSONAL NAME
Personal name Bohte, John
245 ## - TITLE STATEMENT
Title School bureaaucracy and student performance at the local level
260 ## - PUBLICATION, DISTRIBUTION, ETC.
Date of publication, distribution, etc. 2001
300 ## - PHYSICAL DESCRIPTION
Extent p.92-99
362 ## - DATES OF PUBLICATION AND/OR SEQUENTIAL DESIGNATION
Dates of publication and/or sequential designation Jan-Feb
520 ## - SUMMARY, ETC.
Summary, etc. A major debate in American education centers on the role bureaucracy plays in shaping educational performance. Proponents of school choice argue that large educational bureaucracies have contributed to dramatic performance shortfalls in America's public schools. Other scholars view educational bureaucracies as beneficial because they manage a wide range of problems and thus make it easier for teachers to focus on the core task of teaching. This study examines these competing claims about the impact of bureaucracy on student performance using district level data from Texas public schools. The findings from several regression models reveal negative relationships between bureaucracy (measured both at the central and campus administration levels) and student performance across several different grade levels. - Reproduced
650 ## - SUBJECT ADDED ENTRY--TOPICAL TERM
Topical term or geographic name entry element Schools - United States
650 ## - SUBJECT ADDED ENTRY--TOPICAL TERM
Topical term or geographic name entry element Education - United States
650 ## - SUBJECT ADDED ENTRY--TOPICAL TERM
Topical term or geographic name entry element Education
773 ## - HOST ITEM ENTRY
Main entry heading Public Administration Review
909 ## -
-- 49189
Holdings
Withdrawn status Lost status Damaged status Not for loan Permanent Location Current Location Date acquired Serial Enumeration / chronology Barcode Date last seen Price effective from Koha item type
        Indian Institute of Public Administration Indian Institute of Public Administration 2018-07-19 Volume no: 61, Issue no: 1 AR49617 2018-07-19 2018-07-19 Articles

Powered by Koha